000 00530nam a22002057a 4500
999 _c16779
_d16779
003 OSt
005 20180406122613.0
008 180406b xxu||||| |||| 00| 0 eng d
020 _a9781408017913
040 _cKABU
050 _aHB 172
_b.M36 2011 C.1
100 _aMankiw, N. Gregory
245 _aMicroeconomics:
_hN. Gregory Mankiw, Mark P. Taylor .
250 _a2nd ed.
260 _aAustralia:
_bCengage,
_c2011.
300 _axx, 494p.
650 _aMicroeconomics
700 _aTaylor, P. mark.
942 _2lcc
_cBK